banner koha

Analise de parametros geneticos e correlacoes simples e canonicas entre caracteristicas morfoagronomicas e da qualidade das raizes em cultivares de mandioca (Manihot esculenta Crantz)adaptadas ao noroeste paranaense (Registro n. 160079)

MARC details
000 -LÍDER
campo de controle de tamanho fixo 01019nas a2200289 4500
001 - NÚMERO DE CONTROLE
campo de controle BR9805167
003 - IDENTIFICADOR DO NÚMERO DE CONTROLE
campo de controle BR-BrBNA
005 - DATA E HORÁRIO DA ÚLTIMA TRANSAÇÃO
campo de controle 20231205101142.0
007 - CAMPO FIXO DE DESCRIÇÃO FÍSICA--INFORMAÇÃO GERAL
campo de controle de tamanho fixo ta
008 - CAMPO DE DADOS FIXOS--INFORMAÇÃO GERAL
campo de controle de tamanho fixo 230509b bl.|||p| |||| 00| 00por d
040 ## - FONTE DA CATALOGAÇÃO
Instituição da catalogação original BR-BrBNA
Idioma da catalogação por
Instituição que transcreveu o registro Biblioteca Nacional de Agricultura
041 ## - CÓDIGO DE IDIOMA
Código do idioma do texto/trilha sonora ou título diferente (Pt)
072 ## - CÓDIGO DE CATEGORIA DE ASSUNTO
Código de Categoria de Assunto F30; F50
100 1# - ENTRADA PRINCIPAL--NOME PESSOAL
Nome pessoal Vidigal, M.C.G.
100 1# - ENTRADA PRINCIPAL--NOME PESSOAL
Nome pessoal Vidigal Filho, P.S.
100 1# - ENTRADA PRINCIPAL--NOME PESSOAL
Nome pessoal Amaral Junior, A.T.
100 1# - ENTRADA PRINCIPAL--NOME PESSOAL
Nome pessoal Braccini, A. de L. e
245 1# - TÍTULO
Título Analise de parametros geneticos e correlacoes simples e canonicas entre caracteristicas morfoagronomicas e da qualidade das raizes em cultivares de mandioca (Manihot esculenta Crantz)adaptadas ao noroeste paranaense
650 ## - ASSUNTO--TERMO TÓPICO
Cabeçalho tópico ou nome geográfico Mandioca
650 ## - ASSUNTO--TERMO TÓPICO
Cabeçalho tópico ou nome geográfico Genetica Vegetal
650 ## - ASSUNTO--TERMO TÓPICO
Cabeçalho tópico ou nome geográfico Raiz Alimenticia
650 ## - ASSUNTO--TERMO TÓPICO
Cabeçalho tópico ou nome geográfico Morfologia Vegetal
650 ## - ASSUNTO--TERMO TÓPICO
Cabeçalho tópico ou nome geográfico PARANÁ
773 0# - ENTRADA ANALÍTICA
Título Revista Brasileira de Mandioca (Brazil)
ISSN - International Standard Serial Number ISSN 0101-563X
Partes relacionadas (Jul 1997), v. 16(1) p. 41-49
Número de controle do registro BR9805167
909 ## -
-- 202311
-- Lúcia
-- 55
-- Lúcia Elande
942 ## - ELEMENTOS DE ENTRADA ADICIONADOS (KOHA)
Fonte da classificação ou esquema de arquivamento na estante Classificação AGRIS
Ocultar no OPAC Não
Tipo de material Koha Analítica
Exemplares
Situação do descarte Fonte da classificação ou esquema de arquivamento na estante Situação física Não pode ser emprestado Biblioteca de origem Biblioteca atual Localização na estante Enumeração do periódico / cronologia Total de empréstimos Data de último acesso Número do exemplar Tipo de material Koha Fonte de aquisição
  Classificação AGRIS   Consulta local Biblioteca Nacional de Agricultura - Binagri Biblioteca Nacional de Agricultura - Binagri   (Jul 1997), v. 16(1) p. 41-49   29/11/2023 01 Periódicos Portaria Interministerial nº 164/94

BINAGRI

Telefone: (61)3218-2567/2388/3357/2097 - binagri@agro.gov.br

Ministério da Agricultura e Pecuária , Esplanada dos Ministérios, Bloco D, Anexo B, Brasília/DF, CEP: 70.043-900